| 000 | 00457nam a22001697a 4500 | ||
|---|---|---|---|
| 003 | MPLRDC | ||
| 005 | 20220105061155.0 | ||
| 008 | 210129b ||||| |||| 00| 0 eng d | ||
| 082 | _a251 UTH | ||
| 100 | _a奥斯曼·本·阿发尼 CALIPH UTHMAN 定本 | ||
| 245 |
_a古兰经及其读法规则 _c |
||
| 260 |
_a中国 _b知识出版社 _c1999 |
||
| 300 | _b精 | ||
| 520 | _a新书上架 2018-09-16。 | ||
| 650 | _a回教经典 | ||
| 942 |
_cBK _o251 UTH |
||
| 999 |
_c69918 _d69908 |
||